TV's Bespectacled Characters Quiz Stats

 Plays Quiz Updated Oct 12, 2018

Also try: Hair in Television
Challenge
Share
Tweet
Score 0/40 Timer 08:00
2 Plays Today
Number(Year) Character Name % Correct
Drew Carey
81.7%
Beatriz 'Betty' U. Suarez
79.6%
Peter Griffin
77.8%
Steven Quincy Urkel
76.8%
Velma Dinkley
70.3%
Arthur 'Artie' Abrams
67.8%
Chuckie Finster
67.2%
Arthur Timothy Read
62%
Dexter
60.3%
Simon Seville
60.2%
Stephen Colbert
58%
Dwight Kurt Schrute III
56.3%
George Costanza
53.9%
Hank Rutherford Hill
53.5%
Milhouse Mussolini Van Houten
53.5%
Elizabeth Miervaldis 'Liz' Lemon
45.7%
Steven James Hyde III
44.9%
Larry David
44.5%
Daria Morgendorffer
43.3%
Elizabeth 'Eliza' Thornberry
43%
Number(Year) Character Name % Correct
David Letterman
35.3%
Hiro Nakamura
34.5%
Herbert (a.k.a. Janet) Garrison
31.8%
Jamie Hyneman
31%
Lieutenant Horatio Caine
30.4%
Brainy Smurf
24.4%
Carl Wheezer
22.4%
Professor Hubert J. Farnsworth
20.2%
Dr. Bunsen Honeydew
19%
Lieutenant Commander Geordi La Forge
17.6%
Walter Hartwell White
16.6%
Frank Reynolds
15.7%
Clark Kent (a.k.a Superman)
10.6%
James 'Sawyer' Ford
10.5%
Phoebe Heyerdahl
10.4%
Harry Crane
10%
Jimmy James
9.8%
Tim Gunn
6.3%
DJ Lance Rock
5.3%
Guerrero
1.7%

You're not logged in!

Compare scores with friends on all Sporcle quizzes.
OR
Log In

You Might Also Like...

Show Comments

Extras

Top Quizzes Today


Score Distribution

Your Account Isn't Verified!

In order to create a playlist on Sporcle, you need to verify the email address you used during registration. Go to your Sporcle Settings to finish the process.

Report this User

Report this user for behavior that violates our Community Guidelines.

Details: